[Event "HUN-chT2 Breyer 1415"]
[Site "Hungary"]
[Date "2014.11.16"]
[Round "4.11"]
[White "Grinacz, Aba Samuel"]
[Black "Hetenyi, Geza"]
[Result "0-1"]
[WhiteElo "1417"]
[BlackElo "2040"]
[PlyCount "100"]
[EventDate "2014.09.07"]
[EventType "team-tourn"]
[EventRounds "11"]
[EventCountry "HUN"]
[SourceTitle "EXT 2016"]
[Source "ChessBase"]
[SourceDate "2015.10.08"]
[SourceVersion "1"]
[SourceVersionDate "2015.10.08"]
[SourceQuality "1"]
[WhiteTeam "Nyergesujfalu"]
[BlackTeam "Hobagoly"]
[WhiteTeamCountry "HUN"]
[BlackTeamCountry "HUN"]

1. e4 c5 2. Nf3 e6 3. d4 cxd4 4. Nxd4 a6 5. a4 Qc7 6. Nc3 b6 7. Bd3 Bb7 8. 0-0 Nf6 9. Be3 d6 10. Qe2 Nbd7 11. Rae1 Be7 12. f4 0-0 13. h3 Rfd8 14. Nf3 Nc5 15. Bd4 Nh5 16. Ng5 Ng3 17. Qg4 e5 18. fxe5 Nxf1 19. Rxf1 Bxg5 20. Qxg5 Ne6 21. Qe3 Nxd4 22. Qxd4 dxe5 23. Qf2 Rd6 24. Nd5 Bxd5 25. exd5 Rf6 26. Qh4 Rxf1+ 27. Kxf1 g6 28. Qf6 Rd8 29. c4 Qd6 30. Qxd6 Rxd6 31. Be4 f5 32. Bc2 a5 33. Kf2 Kf8 34. h4 Ke7 35. Kf3 Rf6 36. Bb1 Kd6 37. Ke3 Kc5 38. b3 Kb4 39. Bc2 Kc5 40. Bd1 h6 41. g4 fxg4 42. Bxg4 Rf4 43. Be6 Rxh4 44. Kf3 g5 45. Bd7 Rd4 46. Ke3 h5 47. Kf3 g4+ 48. Kg3 Rd3+ 49. Kh4 Rh3+ 50. Kg5 Rh2 0-1

[Event "HUN-chT2 Maroczy 1314"]
[Site "Hungary"]
[Date "2014.02.16"]
[Round "7"]
[White "Hetenyi, Geza"]
[Black "Mullner, Imre"]
[Result "1/2-1/2"]
[WhiteElo "2150"]
[BlackElo "2120"]
[PlyCount "20"]
[EventDate "2013.09.08"]
[EventType "team-tourn"]
[EventRounds "11"]
[EventCountry "HUN"]
[SourceTitle "EXT 2016"]
[Source "ChessBase"]
[SourceDate "2015.10.08"]
[SourceVersion "1"]
[SourceVersionDate "2015.10.08"]
[SourceQuality "1"]
[WhiteTeam "Lila Futo"]
[BlackTeam "Budapest MLTC II"]
[WhiteTeamCountry "HUN"]
[BlackTeamCountry "HUN"]

1. e4 c5 2. Nf3 Nc6 3. d4 cxd4 4. Nxd4 Nf6 5. Nc3 e6 6. a3 a6 7. Be2 Qc7 8. Be3 Be7 9. 0-0 0-0 10. f4 Nxd4 1/2-1/2

[Event "HUN-chT2 Maroczy 1213"]
[Site "Hungary"]
[Date "2013.02.17"]
[Round "7"]
[White "Egri, Laszlo Jr"]
[Black "Hetenyi, Geza"]
[Result "1/2-1/2"]
[WhiteElo "2127"]
[BlackElo "2180"]
[PlyCount "133"]
[EventDate "2012.09.16"]
[EventType "team-tourn"]
[EventRounds "11"]
[EventCountry "HUN"]
[SourceTitle "EXT 2014"]
[Source "ChessBase"]
[SourceDate "2013.11.20"]
[SourceVersion "1"]
[SourceVersionDate "2013.11.20"]
[SourceQuality "1"]
[WhiteTeam "Kisujszallas"]
[BlackTeam "Hobagoly"]
[WhiteTeamCountry "HUN"]
[BlackTeamCountry "HUN"]

1. Nf3 Nf6 2. g3 b6 3. Bg2 Bb7 4. 0-0 e6 5. c4 Be7 6. Nc3 0-0 7. d4 Ne4 8. Qc2 Nxc3 9. Qxc3 Be4 10. Rd1 Bf6 11. Bf4 d6 12. Nd2 Bxg2 13. Kxg2 Nc6 14. Nf3 a5 15. e4 g5 16. Be3 g4 17. Ne1 e5 18. d5 Ne7 19. b3 Bg7 20. a3 f5 21. exf5 Nxf5 22. Ra2 Qf6 23. Qd3 e4 24. Qe2 h5 25. Rc2 Qg6 26. Kg1 Rae8 27. Ng2 Nxe3 28. fxe3 Be5 29. Nh4 Qg5 30. Rcc1 Bg7 31. Rf1 Rf3 32. Rce1 Bh6 33. Nxf3 exf3 34. Qd3 Rxe3 35. Rxe3 Qxe3+ 36. Qxe3 Bxe3+ 37. Kh1 Bc5 38. a4 Kf7 39. Re1 f2 40. Rd1 Kf6 41. Kg2 Ke5 42. Kf1 Kf5 43. Ke2 Kg5 44. Kf1 h4 45. Rd2 hxg3 46. hxg3 Kf5 47. Re2 Bd4 48. Re8 Bc5 49. Ke2 Bd4 50. Rf8+ Kg5 51. Rf7 Bc5 52. Rxc7 Kf6 53. Rc8 Kf7 54. Rh8 Kf6 55. Rf8+ Kg5 56. Rf4 Kh5 57. Rf5+ Kg6 58. Rf8 Kg5 59. Kd3 Kg6 60. Rf4 Kg5 61. Ke4 Kh5 62. Rf8 Kg5 63. Rg8+ Kh5 64. Rh8+ Kg5 65. Rh1 Bb4 66. Rf1 Bc5 67. Rh1 1/2-1/2

[Event "Budapest-chT1 Lilienthal 1213"]
[Site "Budapest"]
[Date "2012.11.25"]
[Round "4"]
[White "Hetenyi, Geza"]
[Black "Bogad, Peter"]
[Result "1-0"]
[WhiteElo "2180"]
[BlackElo "2055"]
[PlyCount "51"]
[EventDate "2012.09.30"]
[EventType "team-tourn"]
[EventRounds "11"]
[EventCountry "HUN"]
[SourceTitle "EXT 2019"]
[Source "ChessBase"]
[SourceDate "2018.10.10"]
[SourceVersion "1"]
[SourceVersionDate "2018.10.10"]
[SourceQuality "1"]
[WhiteTeam "Fabulon"]
[BlackTeam "Barcza GSC"]
[WhiteTeamCountry "HUN"]
[BlackTeamCountry "HUN"]

1. e4 g5 2. d4 Bg7 3. c3 d5 4. e5 h6 5. h4 g4 6. h5 c5 7. Be2 f5 8. f3 cxd4 9. cxd4 Nc6 10. Nc3 Be6 11. fxg4 Qb6 12. gxf5 Bxf5 13. Bg4 Qxd4 14. Qxd4 Nxd4 15. Bxf5 Nxf5 16. Nf3 e6 17. Kf2 Bf8 18. g4 Bc5+ 19. Kg2 Ne3+ 20. Bxe3 Bxe3 21. Rhe1 Bb6 22. Rf1 Ne7 23. Nh4 0-0-0 24. Rf7 Rd7 25. Raf1 Nf5 26. Nxf5 1-0

[Event "HUN-chT2 Maroczy 1213"]
[Site "Hungary"]
[Date "2012.11.18"]
[Round "4"]
[White "Hetenyi, Geza"]
[Black "Kaposztas, Miklos"]
[Result "1/2-1/2"]
[WhiteElo "2180"]
[BlackElo "2149"]
[PlyCount "21"]
[EventDate "2012.09.16"]
[EventType "team-tourn"]
[EventRounds "11"]
[EventCountry "HUN"]
[SourceTitle "EXT 2014"]
[Source "ChessBase"]
[SourceDate "2013.11.20"]
[SourceVersion "1"]
[SourceVersionDate "2013.11.20"]
[SourceQuality "1"]
[WhiteTeam "Hobagoly"]
[BlackTeam "Vasas"]
[WhiteTeamCountry "HUN"]
[BlackTeamCountry "HUN"]

1. e4 e5 2. Nf3 Nc6 3. Bb5 a6 4. Bxc6 dxc6 5. d4 exd4 6. Qxd4 Qxd4 7. Nxd4 c5 8. Nb3 b6 9. f3 Be6 10. Be3 Bd6 11. Nc3 1/2-1/2

[Event "Budapest-chT1 Lilienthal 1112"]
[Site "Budapest"]
[Date "2011.10.16"]
[Round "2"]
[White "Kiss, Jozsef1111"]
[Black "Hetenyi, Geza"]
[Result "0-1"]
[WhiteElo "1979"]
[BlackElo "2197"]
[PlyCount "80"]
[EventDate "2011.10.02"]
[EventType "team-tourn"]
[EventRounds "11"]
[EventCountry "HUN"]
[SourceTitle "EXT 2020"]
[Source "ChessBase"]
[SourceDate "2019.10.17"]
[SourceVersion "1"]
[SourceVersionDate "2019.10.17"]
[SourceQuality "1"]
[WhiteTeam "Penzugyor III"]
[BlackTeam "Fabulon"]
[WhiteTeamCountry "HUN"]
[BlackTeamCountry "HUN"]

1. e4 e5 2. Bc4 Bc5 3. Nf3 Nc6 4. c3 Nf6 5. d3 0-0 6. 0-0 d5 7. exd5 Nxd5 8. b4 Be7 9. b5 Na5 10. Nxe5 Bf6 11. Qh5 Be6 12. Bxd5 Qxd5 13. Re1 Qxb5 14. c4 Qa6 15. Nc3 Nc6 16. Bf4 Nd4 17. Ne4 Bf5 18. Nc5 Qa3 19. Nb3 g6 20. Qd1 Rfd8 21. g4 Be6 22. Re4 Nxb3 23. axb3 Qf8 24. d4 c6 25. h3 a5 26. Qe1 Qb4 27. Qxb4 axb4 28. Rb1 Ra2 29. Be3 Bg7 30. Nd3 Bf8 31. Nf4 Bc8 32. d5 f5 33. gxf5 Bxf5 34. Rd4 Bxb1 35. Ne6 Re8 36. Nc7 Re4 37. Rd1 Bc2 38. Rc1 Bxb3 39. dxc6 bxc6 40. Kg2 Rxe3 0-1

[Event "HUN-chT2 Erkel 0910"]
[Site "Hungary"]
[Date "2010.04.11"]
[Round "9.4"]
[White "Hetenyi, Geza"]
[Black "Mizsei, Janos"]
[Result "1/2-1/2"]
[WhiteElo "2217"]
[BlackElo "2099"]
[PlyCount "108"]
[EventDate "2009.11.08"]
[EventType "team-tourn"]
[EventRounds "11"]
[EventCountry "HUN"]
[SourceTitle "EXT 2011"]
[Source "ChessBase"]
[SourceDate "2010.11.26"]
[SourceVersion "1"]
[SourceVersionDate "2010.11.26"]
[SourceQuality "1"]
[WhiteTeam "Dunaharaszti"]
[BlackTeam "Jaszbereny"]
[WhiteTeamCountry "HUN"]
[BlackTeamCountry "HUN"]

1. d4 d5 2. Nf3 Nf6 3. c4 c6 4. Qb3 dxc4 5. Qxc4 Qd5 6. Qd3 Bf5 7. Qd1 Bxb1 8. Rxb1 Qxa2 9. Qc2 e6 10. e4 Na6 11. Bxa6 Qxa6 12. b4 Be7 13. h4 Qb5 14. Bd2 Nd7 15. h5 Nb6 16. Rb3 Qc4 17. Qb1 Nd7 18. Bc3 Bf6 19. Rh3 Qb5 20. Rg3 Qxh5 21. Rh3 Qb5 22. e5 Be7 23. Rxh7 Rxh7 24. Qxh7 g6 25. Bd2 a5 26. Rb1 axb4 27. Qh6 Qd3 28. Rd1 Ra2 29. Qe3 Qxe3+ 30. fxe3 b3 31. Rb1 b2 32. Bc3 Ba3 33. Kd2 Nb6 34. Kc2 Nd5 35. Bd2 Ra1 36. e4 Nc7 37. Bc3 Nb5 38. Bxb2 Bxb2 39. Rxb2 Ra4 40. Kd3 Ra3+ 41. Kd2 Ke7 42. d5 exd5 43. exd5 g5 44. dxc6 bxc6 45. Rc2 g4 46. Ne1 Nd4 47. Rc4 c5 48. Nd3 Ke6 49. Ke3 Nf5+ 50. Ke4 Ng3+ 51. Ke3 Nf5+ 52. Ke4 Ng3+ 53. Ke3 Nf5+ 54. Ke4 Ng3+ 1/2-1/2

[Event "HUN-chT2 Erkel 0910"]
[Site "Hungary"]
[Date "2010.01.31"]
[Round "5.3"]
[White "Reznak, Attila"]
[Black "Hetenyi, Geza"]
[Result "0-1"]
[WhiteElo "2169"]
[BlackElo "2217"]
[PlyCount "118"]
[EventDate "2009.11.08"]
[EventType "team-tourn"]
[EventRounds "11"]
[EventCountry "HUN"]
[SourceTitle "EXT 2011"]
[Source "ChessBase"]
[SourceDate "2010.11.26"]
[SourceVersion "1"]
[SourceVersionDate "2010.11.26"]
[SourceQuality "1"]
[WhiteTeam "Godollo"]
[BlackTeam "Dunaharaszti"]
[WhiteTeamCountry "HUN"]
[BlackTeamCountry "HUN"]

1. e4 e6 2. Nc3 d5 3. d3 c5 4. f4 Nc6 5. Nf3 b6 6. g3 Nf6 7. e5 Ng8 8. Bg2 Nh6 9. 0-0 Be7 10. Ne2 Bb7 11. c3 Rc8 12. h3 Nf5 13. g4 Nh4 14. Nxh4 Bxh4 15. Be3 Be7 16. d4 Ba6 17. Rf2 0-0 18. Bf1 f6 19. exf6 Rxf6 20. Bg2 Qd7 21. Ng3 Rff8 22. g5 cxd4 23. Bxd4 Nxd4 24. cxd4 Bd6 25. Qg4 Rc7 26. Re1 Bc8 27. Nh5 Qa4 28. f5 exf5 29. Bxd5+ Kh8 30. Qd1 Qxd1 31. Rxd1 f4 32. Kg2 Rf5 33. Bf3 Rxg5+ 34. Kh2 Rf7 35. Re1 Bd7 36. Bg4 Bxg4 37. Re8+ Rf8 38. Rxf8+ Bxf8 39. hxg4 Rxg4 40. Kh3 Rg5 41. Nxf4 Bd6 42. Ne2 Kg8 43. Rf3 h6 44. Nc3 a6 45. Kh4 Rg2 46. Ne4 Be7+ 47. Kh3 Re2 48. Nc3 Rxb2 49. Kg4 g6 50. Kf4 b5 51. Ke5 b4 52. Ne4 Rxa2 53. Nf6+ Bxf6+ 54. Kxf6 Rd2 55. Re3 Kf8 56. Ke5 a5 57. d5 Ke7 58. Re1 a4 59. Rc1 Re2+ 0-1

[Event "HUN-chT2 Erkel 0910"]
[Site "Hungary"]
[Date "2009.11.08"]
[Round "1.4"]
[White "Hetenyi, Geza"]
[Black "Halak, Miklos"]
[Result "1-0"]
[WhiteElo "2217"]
[BlackElo "2083"]
[PlyCount "67"]
[EventDate "2009.11.08"]
[EventType "team-tourn"]
[EventRounds "11"]
[EventCountry "HUN"]
[SourceTitle "EXT 2011"]
[Source "ChessBase"]
[SourceDate "2010.11.26"]
[SourceVersion "1"]
[SourceVersionDate "2010.11.26"]
[SourceQuality "1"]
[WhiteTeam "Dunaharaszti"]
[BlackTeam "Foti"]
[WhiteTeamCountry "HUN"]
[BlackTeamCountry "HUN"]

1. d4 d5 2. c4 dxc4 3. Nf3 Nf6 4. Nc3 g6 5. e4 Bg7 6. Bxc4 c6 7. a4 a5 8. h3 0-0 9. 0-0 Na6 10. Be3 Nc7 11. Qb3 b5 12. Bd3 Ba6 13. Rfc1 Rb8 14. Qc2 Bb7 15. axb5 Nxb5 16. Na4 Ne8 17. e5 Ba8 18. Nc5 Rc8 19. Ra4 Nec7 20. Qd2 Nd5 21. Bh6 Nb4 22. Bxg7 Kxg7 23. Bc4 e6 24. Rca1 Qe7 25. Rxa5 Nd5 26. Bxd5 exd5 27. Nh2 h5 28. Nf3 Rce8 29. Re1 Bb7 30. e6 f6 31. b4 Bc8 32. Qf4 Nd6 33. Nh4 Nc4 34. Qg3 1-0

[Event "HUN-chT2 Maroczy 0809"]
[Site "Hungary"]
[Date "2009.03.08"]
[Round "9"]
[White "Hetenyi, Geza"]
[Black "Hujvan, Laszlo"]
[Result "0-1"]
[WhiteElo "2204"]
[BlackElo "2174"]
[PlyCount "80"]
[EventDate "2008.10.26"]
[EventType "team-tourn"]
[EventRounds "11"]
[EventCountry "HUN"]
[SourceTitle "EXT 2010"]
[Source "ChessBase"]
[SourceDate "2010.11.25"]
[SourceVersion "1"]
[SourceVersionDate "2010.11.25"]
[SourceQuality "1"]
[WhiteTeam "Dunaharaszti"]
[BlackTeam "Munkacs"]
[WhiteTeamCountry "HUN"]
[BlackTeamCountry "HUN"]

1. e4 c5 2. Nf3 g6 3. d4 cxd4 4. Nxd4 Bg7 5. Nc3 Nc6 6. Be3 Nf6 7. Qd2 0-0 8. Be2 d6 9. h3 Bd7 10. 0-0 Nxd4 11. Bxd4 Bc6 12. f3 Qa5 13. Rfd1 Rfd8 14. Nd5 Qxd2 15. Nxf6+ Bxf6 16. Rxd2 Bg5 17. Rdd1 b5 18. a3 Rdc8 19. c3 a5 20. Kf2 Rab8 21. Ba7 Rb7 22. Be3 Bf6 23. Bd4 e5 24. Be3 Be7 25. Bd3 Bd7 26. Rdc1 Be6 27. Ke2 f5 28. g4 fxe4 29. Bxe4 Bc4+ 30. Bd3 d5 31. Rd1 Bb3 32. Rd2 Re8 33. Bc2 Bc4+ 34. Kf2 d4 35. cxd4 exd4 36. Bh6 Bh4+ 37. Kg2 g5 38. f4 Rbe7 39. Bd1 Bd5+ 40. Kh2 Re1 0-1

[Event "HUN-chT2 Charousek 0708"]
[Site "Hungary"]
[Date "2008.03.16"]
[Round "8"]
[White "Haszon, David"]
[Black "Hetenyi, Geza"]
[Result "0-1"]
[WhiteElo "2018"]
[BlackElo "2192"]
[PlyCount "156"]
[EventDate "2007.10.14"]
[EventType "team"]
[EventRounds "11"]
[EventCountry "HUN"]
[SourceTitle "EXT 2009"]
[Source "ChessBase"]
[SourceDate "2008.11.26"]
[SourceVersion "1"]
[SourceVersionDate "2008.11.26"]
[SourceQuality "1"]
[WhiteTeam "Szenna Pack"]
[BlackTeam "Dunaharaszti"]
[WhiteTeamCountry "HUN"]
[BlackTeamCountry "HUN"]

1. e4 c6 2. d4 d5 3. Nc3 g6 4. e5 Bg7 5. f4 Bf5 6. Nf3 e6 7. Be3 Nd7 8. Bd3 Bxd3 9. Qxd3 Ne7 10. 0-0-0 h5 11. Nh4 Nf5 12. Nxf5 gxf5 13. g3 Qe7 14. h3 0-0-0 15. Rhg1 f6 16. Rg2 Bf8 17. Rdg1 a6 18. g4 hxg4 19. hxg4 fxg4 20. Rxg4 f5 21. Rg6 Rh3 22. Qe2 Nb6 23. R6g3 Rh4 24. Qf2 Nc4 25. Nd1 Bh6 26. Rf3 Rh8 27. Rg6 Rh1 28. Rg1 Bf8 29. Rxh1 Rxh1 30. Qg2 Qh7 31. Rf1 Rh3 32. Bg1 Rh4 33. Ne3 Nxe3 34. Bxe3 Rh2 35. Qf3 Be7 36. Bd2 Bd8 37. Rg1 Rh3 38. Qg2 Rh4 39. b3 Rg4 40. Qh1 Qg6 41. Rf1 Qg7 42. Qh5 Qe7 43. Kb2 Bb6 44. Bc3 Rg8 45. Qh6 c5 46. dxc5 Bxc5 47. Rd1 Ba3+ 48. Kb1 Kb8 49. Bb2 Bc5 50. Re1 Rc8 51. Qf6 Qd7 52. Qh4 Qc6 53. Qh2 Qb6 54. Rd1 Be3 55. Rd3 Rg8 56. Rd1 Rg4 57. Rf1 d4 58. Bc1 Qc6 59. Qe2 Bxc1 60. Kxc1 Qc3 61. Kb1 Rg3 62. Rd1 Re3 63. Qd2 Qxd2 64. Rxd2 Re4 65. Rf2 Kc7 66. Kc1 Kc6 67. Kd2 Kd5 68. Rf3 b5 69. c3 dxc3+ 70. Kxc3 b4+ 71. Kd2 Rd4+ 72. Ke2 Ke4 73. Rf2 a5 74. Rf1 Rd5 75. Rf2 Rc5 76. Kf1 Rc8 77. Kg2 Rg8+ 78. Kh3 Rg4 0-1

[Event "HUN-chT2 Charousek 0708"]
[Site "Hungary"]
[Date "2008.03.02"]
[Round "7"]
[White "Juhasz, Kristof"]
[Black "Hetenyi, Geza"]
[Result "1/2-1/2"]
[WhiteElo "2032"]
[BlackElo "2192"]
[PlyCount "36"]
[EventDate "2007.10.14"]
[EventType "team"]
[EventRounds "11"]
[EventCountry "HUN"]
[SourceTitle "EXT 2009"]
[Source "ChessBase"]
[SourceDate "2008.11.26"]
[SourceVersion "1"]
[SourceVersionDate "2008.11.26"]
[SourceQuality "1"]
[WhiteTeam "Husi"]
[BlackTeam "Dunaharaszti"]
[WhiteTeamCountry "HUN"]
[BlackTeamCountry "HUN"]

1. d4 Nf6 2. c4 c5 3. d5 b5 4. cxb5 a6 5. e3 axb5 6. Bxb5 g6 7. Nc3 Bg7 8. Nf3 Qa5 9. 0-0 0-0 10. a4 d6 11. Bd2 Ba6 12. Qe2 Nbd7 13. e4 Rfb8 14. h3 Qb6 15. b3 Qb7 16. Rab1 Ne8 17. Qd1 Bxb5 18. Nxb5 Nef6 1/2-1/2

[Event "HUN-chT2 Charousek 0708"]
[Site "Hungary"]
[Date "2008.02.17"]
[Round "6"]
[White "Remete, Zsuzsa"]
[Black "Hetenyi, Geza"]
[Result "0-1"]
[WhiteElo "2116"]
[BlackElo "2192"]
[PlyCount "90"]
[EventDate "2007.10.14"]
[EventType "team"]
[EventRounds "11"]
[EventCountry "HUN"]
[SourceTitle "EXT 2009"]
[Source "ChessBase"]
[SourceDate "2008.11.26"]
[SourceVersion "1"]
[SourceVersionDate "2008.11.26"]
[SourceQuality "1"]
[WhiteTeam "Haladas II"]
[BlackTeam "Dunaharaszti"]
[WhiteTeamCountry "HUN"]
[BlackTeamCountry "HUN"]

1. e4 e6 2. d4 d5 3. Nd2 Nf6 4. e5 Nfd7 5. Bd3 c5 6. c3 Nc6 7. Ne2 Qb6 8. Nf3 cxd4 9. cxd4 Bb4+ 10. Bd2 Bxd2+ 11. Qxd2 Qb4 12. Rc1 Qxd2+ 13. Kxd2 a6 14. a3 Nb6 15. b4 Bd7 16. Rc2 h6 17. Rb1 Na7 18. Rc5 Bb5 19. Nc3 Bxd3 20. Kxd3 Kd8 21. Ne2 Nc4 22. Rc1 b6 23. R5xc4 dxc4+ 24. Rxc4 Rc8 25. Nd2 Kd7 26. Rxc8 Rxc8 27. Nc4 Kc6 28. Nd6 Rc7 29. Ne8 Rc8 30. Nd6 Rf8 31. a4 f6 32. f4 Rd8 33. Nc3 Rf8 34. Ke4 f5+ 35. Ke3 b5 36. g3 g6 37. Kd3 g5 38. a5 g4 39. d5+ exd5 40. Kd4 Nc8 41. Nxd5 Nxd6 42. exd6 Kxd6 43. Ne3 h5 44. Ng2 Rc8 45. Ne3 Ke6 0-1

[Event "HUN-chT2 Maroczy 0607"]
[Site "Hungary"]
[Date "2007.05.06"]
[Round "10"]
[White "Hevesi, Zoltan"]
[Black "Hetenyi, Geza"]
[Result "1/2-1/2"]
[WhiteElo "2170"]
[BlackElo "2227"]
[PlyCount "114"]
[EventDate "2006.11.12"]
[EventType "team"]
[EventRounds "11"]
[EventCountry "HUN"]
[SourceTitle "EXT 2008"]
[Source "ChessBase"]
[SourceDate "2007.11.25"]
[SourceVersion "1"]
[SourceVersionDate "2007.11.25"]
[SourceQuality "1"]
[WhiteTeam "Fuzesabony"]
[BlackTeam "Dunaharaszti"]
[WhiteTeamCountry "HUN"]
[BlackTeamCountry "HUN"]

1. Nf3 Nf6 2. g3 e6 3. c4 b6 4. Bg2 Bb7 5. 0-0 Be7 6. b3 0-0 7. Bb2 c5 8. e3 d5 9. d4 dxc4 10. bxc4 Nbd7 11. Nbd2 Rc8 12. Rc1 Re8 13. Qc2 Qc7 14. Rfd1 Qb8 15. Qb1 Qa8 16. Ne1 Bxg2 17. Nxg2 Nf8 18. Nf4 Ng6 19. Nxg6 hxg6 20. dxc5 Rxc5 21. Bxf6 gxf6 22. Ne4 Re5 23. Nd6 Rf8 24. Nb5 Qf3 25. Nd4 Qb7 26. Nb3 Kg7 27. Nd2 Rh8 28. Nf1 Rc8 29. Rd4 Rec5 30. Nd2 f5 31. Qd3 R5c7 32. Qb3 Bf6 33. Rd3 Qa6 34. e4 Qa5 35. exf5 exf5 36. Nf1 f4 37. Rf3 fxg3 38. fxg3 Bd4+ 39. Kh1 Qg5 40. Rc2 Re7 41. Rd2 Qe5 42. Qd3 Bc5 43. Qd5 Qe1 44. Rd1 Qa5 45. Rd2 Rcc7 46. Qa8 Rcd7 47. Rxd7 Rxd7 48. Qc6 Re7 49. Qf6+ Kg8 50. Rf4 Qa6 51. Nd2 Qb7+ 52. Nf3 Re1+ 53. Kg2 Rg1+ 54. Kh3 Qd7+ 55. Rg4 Rf1 56. Ne5 Qxg4+ 57. Nxg4 Rxf6 1/2-1/2

[Event "HUN-chT2 Maroczy 0607"]
[Site "Hungary"]
[Date "2007.02.18"]
[Round "5"]
[White "Demeter, Istvan"]
[Black "Hetenyi, Geza"]
[Result "1/2-1/2"]
[WhiteElo "2111"]
[BlackElo "2227"]
[PlyCount "40"]
[EventDate "2006.11.12"]
[EventType "team"]
[EventRounds "11"]
[EventCountry "HUN"]
[SourceTitle "EXT 2008"]
[Source "ChessBase"]
[SourceDate "2007.11.25"]
[SourceVersion "1"]
[SourceVersionDate "2007.11.25"]
[SourceQuality "1"]
[WhiteTeam "Matra"]
[BlackTeam "Dunaharaszti"]
[WhiteTeamCountry "HUN"]
[BlackTeamCountry "HUN"]

1. Nf3 Nf6 2. g3 g6 3. Bg2 Bg7 4. 0-0 0-0 5. c4 c5 6. Nc3 d5 7. cxd5 Nxd5 8. Qa4 Nb6 9. Qh4 e5 10. Qxd8 Rxd8 11. d3 c4 12. dxc4 Nxc4 13. Bg5 f6 14. Rad1 Rxd1 15. Rxd1 Nc6 16. Bc1 Be6 17. b3 Nb6 18. Be3 Kf7 19. Nb5 Bf8 20. Nc7 Rd8 1/2-1/2

[Event "HUN-chT2 Maroczy 0607"]
[Site "Hungary"]
[Date "2006.12.03"]
[Round "3"]
[White "Papp, Balazs"]
[Black "Hetenyi, Geza"]
[Result "0-1"]
[WhiteElo "2064"]
[BlackElo "2227"]
[PlyCount "77"]
[EventDate "2006.11.12"]
[EventType "team"]
[EventRounds "11"]
[EventCountry "HUN"]
[SourceTitle "EXT 2008"]
[Source "ChessBase"]
[SourceDate "2007.11.25"]
[SourceVersion "1"]
[SourceVersionDate "2007.11.25"]
[SourceQuality "1"]
[WhiteTeam "Maroczy"]
[BlackTeam "Dunaharaszti"]
[WhiteTeamCountry "HUN"]
[BlackTeamCountry "HUN"]

1. d4 Nf6 2. c4 c5 3. d5 b5 4. cxb5 a6 5. b6 Qxb6 6. Nc3 g6 7. e4 d6 8. Nf3 Bg7 9. Be2 0-0 10. 0-0 Nbd7 11. Nd2 Rb8 12. Nc4 Qc7 13. f4 Nb6 14. e5 Ne8 15. Ne3 dxe5 16. f5 Nd6 17. Bd3 e4 18. Nxe4 Nxf5 19. Nxf5 Bxf5 20. Bf4 Be5 21. d6 Bd4+ 22. Kh1 exd6 23. Bxd6 Qc6 24. Bxf8 Rxf8 25. Ng3 Bc8 26. Ne4 c4 27. Rc1 Bxb2 28. Rc2 Bg7 29. Nd2 Be6 30. Qc1 Rc8 31. Nxc4 Nxc4 32. Bxc4 Qe4 33. Bb3 Rxc2 34. Bxc2 Qh4 35. Qe3 Qc4 36. Qf3 Qxc2 37. Qa8+ Bf8 38. a3 Qc4 39. Qf3 0-1